000
00349nam a2200145Ia 4500
008
210716s2005 xx 000 0 und d
041
_a
eng
082
_a
657.42 PRAB
100
_a
Prasath, B Saravana.
245
_a
Ready referencer on cost management.
250
_a
1
260
_a
Chennai
_c
2005
300
_a
23.2
650
_a
Cost Accounting
999
_c
201455
_d
201455